Hunyadi Legenda és valóság : Joseph Held : Hunyadi : legend and reality /

Elmentve itt :
Bibliográfiai részletek
Szerző: Vajda Zoltán
További közreműködők: Held József
Dokumentumtípus: Cikk
Megjelent: 1988
Sorozat:Aetas 4 No. 2
Kulcsszavak:Magyarország története - 1428-1456 - könyvismertetés, Hadtörténet - magyar - 1428-1456 - könyvismertetés, Törökellenes politika - Európa - 15. sz. - könyvismertetés, Hunyadi János
Online Access:http://acta.bibl.u-szeged.hu/40418
LEADER 00825nab a2200193 i 4500
001 acta40418
005 20260224081030.0
008 170703s1988 hu o 000 hun d
022 |a 0237-7934 
040 |a SZTE Egyetemi Kiadványok Repozitórium  |b hun 
041 |a hun 
100 1 |a Vajda Zoltán 
245 1 0 |a Hunyadi   |h [elektronikus dokumentum] :  |b Legenda és valóság : Joseph Held : Hunyadi : legend and reality /  |c  Vajda Zoltán 
260 |c 1988 
300 |a 147-148 
490 0 |a Aetas  |v 4 No. 2 
695 |a Magyarország története - 1428-1456 - könyvismertetés, Hadtörténet - magyar - 1428-1456 - könyvismertetés, Törökellenes politika - Európa - 15. sz. - könyvismertetés, Hunyadi János 
700 0 1 |a Held József 
856 4 0 |u http://acta.bibl.u-szeged.hu/40418/1/aetas_1988_002_147-148.pdf  |z Dokumentum-elérés